[Event "14. Lichtenberger Sommer"]
[Site "14. Lichtenberger Sommer"]
[Date "2015.08.16"]
[Round "2.60"]
[White "Matitschka, Johannes"]
[Black "Kapr, Klaus"]
[Result "1-0"]
[WhiteElo "1542"]
[BlackElo "2035"]
[PlyCount "67"]
[EventDate "2015.??.??"]
[WhiteTeam "TSG Oberschöneweide"]
[BlackTeam "SC Friesen Lichtenberg"]

1. e4 Nc6 2. Nf3 f5 3. exf5 d5 4. Bb5 Bxf5 5. Ne5 Qd6 6. d4 Nf6 7. Bf4 Qb4+ 8.
Nc3 Qxb2 9. Bxc6+ bxc6 10. Bd2 e6 11. Rb1 Qxc2 12. Qxc2 Bxc2 13. Rb7 Bd6 14.
Nxc6 O-O 15. f3 Bd3 16. Kd1 Nd7 17. Re1 Rfe8 18. Rxa7 Rxa7 19. Nxa7 c5 20. Nab5
Bxh2 21. dxc5 Rb8 22. c6 Nc5 23. c7 Rc8 24. f4 g5 25. Be3 Bxb5 26. Nxb5 Nd3 27.
Re2 Nxf4 28. Bxf4 Bxf4 29. Rxe6 Kf7 30. Rc6 Ke7 31. Rh6 g4 32. Rxh7+ Ke6 33. a4
Kf5 34. Rd7 1-0

[Event "14. Lichtenberger Sommer"]
[Site "14. Lichtenberger Sommer"]
[Date "2015.08.16"]
[Round "2.61"]
[White "Hörmann, David"]
[Black "Franke, Philipp"]
[Result "1-0"]
[WhiteElo "2055"]
[BlackElo "1206"]
[PlyCount "65"]
[EventDate "2015.??.??"]
[WhiteTeam "SC Weisse Dame (Berlin)"]
[BlackTeam "SC Weisse Dame (Berlin)"]

1. e4 c5 2. Nf3 d6 3. d4 cxd4 4. Nxd4 Nf6 5. Nc3 g6 6. Be3 Bg7 7. f3 O-O 8. Bc4
Nc6 9. Qd2 Nxd4 10. Bxd4 a6 11. Bb3 b5 12. O-O-O Rb8 13. Kb1 a5 14. a4 bxa4 15.
Nxa4 Qc7 16. h4 Bd7 17. Nc3 Rb7 18. Bxf6 Bxf6 19. Nd5 Qc5 20. Nxf6+ exf6 21.
Qxd6 Qe5 22. Qxe5 fxe5 23. Bd5 Rc7 24. c4 Kg7 25. Rd3 Rb8 26. Rhd1 Bc8 27. Ra3
Ra7 28. Bc6 Be6 29. Bd5 Kf6 30. Kc2 a4 31. Kc3 Bxd5 32. exd5 Rbb7 33. Rda1 1-0

[Event "14. Lichtenberger Sommer"]
[Site "14. Lichtenberger Sommer"]
[Date "2015.08.16"]
[Round "2.62"]
[White "Wilke, Hans-Peter"]
[Black "Oginski, Ulrich"]
[Result "0-1"]
[WhiteElo "1655"]
[BlackElo "1885"]
[PlyCount "58"]
[EventDate "2015.??.??"]
[WhiteTeam "Läufer Reinickendorf"]
[BlackTeam "SC Weisse Dame (Berlin)"]

1. b4 d5 2. Bb2 Nf6 3. e3 e6 4. b5 Bd6 5. Nf3 Nbd7 6. c4 c6 7. a4 O-O 8. Be2
Qe7 9. O-O e5 10. d3 Re8 11. Re1 e4 12. dxe4 dxe4 13. Nfd2 Ne5 14. Nc3 Bf5 15.
Qc2 Neg4 16. g3 h5 17. h4 Rad8 18. Nf1 Ne5 19. Rad1 Bg6 20. Nh2 Qe6 21. Nb1
Nf3+ 22. Bxf3 exf3 23. Qb3 Be4 24. Nd2 Qh3 25. Nhxf3 Bxg3 26. Nxe4 Nxe4 27. Re2
Bd6 28. Rxd6 Rxd6 29. Nh2 Rg6+ 0-1

[Event "14. Lichtenberger Sommer"]
[Site "14. Lichtenberger Sommer"]
[Date "2015.08.16"]
[Round "2.63"]
[White "Toth, Hans-Jürgen"]
[Black "Schönberger, Kay"]
[Result "0-1"]
[WhiteElo "1571"]
[BlackElo "1918"]
[PlyCount "106"]
[EventDate "2015.??.??"]
[WhiteTeam "SF Zehdenick"]
[BlackTeam "SV Koblenz"]

1. f4 d5 2. Nf3 c5 3. e3 a6 4. b3 Nc6 5. Bb2 Nf6 6. d3 e6 7. Be2 Be7 8. O-O O-O
9. Nbd2 b5 10. a4 Bd7 11. Ne5 Nxe5 12. Bxe5 Ne8 13. Bb2 Nd6 14. Rf3 Qb6 15. a5
Qc7 16. Rg3 f6 17. Bg4 Nb7 18. Bh3 Rf7 19. Qf3 f5 20. Qe2 Bh4 21. Rf3 Nxa5 22.
g3 Bf6 23. Bxf6 Rxf6 24. g4 fxg4 25. Bxg4 Nc6 26. Rg3 e5 27. Bxd7 Qxd7 28. Qg4
Qxg4 29. Rxg4 exf4 30. Rxf4 Rxf4 31. exf4 b4 32. Kf2 Kf7 33. Nf3 Kf6 34. Re1
Ra7 35. Ne5 Nd4 36. Ng4+ Kf7 37. Ne3 Re7 38. Ra1 Rxe3 39. Rxa6 Re2+ 40. Kg3
Rxc2 41. h4 Nxb3 42. Kg4 Rg2+ 43. Kf5 Nd4+ 44. Ke5 Nb5 45. Ra5 Nc3 46. Rxc5 Kg6
47. Rc6+ Kh5 48. f5 Kxh4 49. f6 gxf6+ 50. Rxf6 h5 51. Kd4 Rg4+ 52. Ke3 b3 53.
Rf2 b2 0-1

[Event "14. Lichtenberger Sommer"]
[Site "14. Lichtenberger Sommer"]
[Date "2015.08.16"]
[Round "2.64"]
[White "Straßburg, Robin"]
[Black "Junge, Wolfgang"]
[Result "1/2-1/2"]
[WhiteElo "1105"]
[BlackElo "1896"]
[PlyCount "67"]
[EventDate "2015.??.??"]
[WhiteTeam "SC Eintracht Berlin e.V."]
[BlackTeam "SC Friesen Lichtenberg"]

1. d4 Nf6 2. Nf3 e6 3. e3 d5 4. Bd3 Nbd7 5. c3 Be7 6. Nbd2 O-O 7. O-O c5 8. e4
dxe4 9. Nxe4 Nxe4 10. Bxe4 Nf6 11. Bc2 cxd4 12. Qxd4 Qxd4 13. Nxd4 Rd8 14. Bg5
Nd5 15. Bxe7 Nxe7 16. Rad1 b6 17. Nb3 Bb7 18. Rfe1 Kf8 19. h3 Ng8 20. Nd4 Nf6
21. Bb3 Bd5 22. Bxd5 Rxd5 23. Nc2 Rad8 24. Ne3 Rxd1 25. Rxd1 Rxd1+ 26. Nxd1 Ke7
27. Kf1 Kd6 28. Ke2 Nd7 29. Kd3 b5 30. b4 Ne5+ 31. Kd4 Nc4 32. Ne3 Nxe3 33.
Kxe3 f5 34. c4 1/2-1/2

[Event "14. Lichtenberger Sommer"]
[Site "14. Lichtenberger Sommer"]
[Date "2015.08.16"]
[Round "2.65"]
[White "Schleicher, Janek"]
[Black "Weiß, Daniel"]
[Result "1-0"]
[WhiteElo "2029"]
[BlackElo "1741"]
[PlyCount "155"]
[EventDate "2015.??.??"]
[WhiteTeam "SV Bürgel"]
[BlackTeam "SF Nordost Berlin"]

1. d4 f5 2. c4 e6 3. Nf3 Nf6 4. Qc2 b6 5. Bg5 Bb7 6. Nbd2 d5 7. e3 Nbd7 8. cxd5
Bxd5 9. Bc4 c6 10. Bxd5 cxd5 11. Rc1 Bd6 12. Qc6 Ke7 13. O-O Rc8 14. Qa4 Rc7
15. b4 Qc8 16. Nb3 Qb7 17. Rxc7 Bxc7 18. b5 Kf7 19. Nc1 Bd6 20. Nd3 Rc8 21.
Nde5+ Bxe5 22. dxe5 Ng4 23. Bf4 Rc4 24. Qa3 Nc5 25. Ng5+ Kg8 26. h3 Nh6 27. Rc1
Ra4 28. Qb2 Nd3 29. Qb3 Nxc1 30. Qxa4 Ne2+ 31. Kf1 Nxf4 32. exf4 Qd7 33. Qb4
Nf7 34. Nf3 Qc7 35. g3 h6 36. Nd4 Nd8 37. a4 Kf7 38. Kg2 Qc5 39. Qd2 Nb7 40.
Nc6 Qc4 41. Qd1 g6 42. Nxa7 d4 43. Qf3 Na5 44. Nc6 Nb3 45. Nd8+ Ke7 46. Qc6
Qd5+ 47. Qxd5 exd5 48. Nc6+ Ke6 49. a5 bxa5 50. b6 Nc5 51. Nxa5 Kd7 52. e6+
Nxe6 53. Kf3 Nd8 54. Ke2 Nc6 55. b7 Nb8 56. Kd3 Kc7 57. Kxd4 Nd7 58. Kxd5 Nf6+
59. Kc5 Ne8 60. Kb5 Nd6+ 61. Ka6 Nxb7 62. Nxb7 Kc6 63. Nd8+ Kd5 64. Nf7 Ke4 65.
Nxh6 Kf3 66. h4 Kxf2 67. Nxf5 Kf3 68. Ne7 Kxg3 69. Nxg6 Kg4 70. Kb5 Kf5 71. h5
Kf6 72. Kc6 Kf5 73. Kd5 Kf6 74. Nh4 Kg7 75. f5 Kf6 76. h6 Kf7 77. Ke5 Kg8 78.
f6 1-0

[Event "14. Lichtenberger Sommer"]
[Site "14. Lichtenberger Sommer"]
[Date "2015.08.16"]
[Round "2.66"]
[White "Gnaß, Erhard"]
[Black "Geldner, Gerrit"]
[Result "0-1"]
[WhiteElo "1510"]
[BlackElo "1777"]
[PlyCount "74"]
[EventDate "2015.??.??"]
[WhiteTeam "SK Zehlendorf"]
[BlackTeam "Schachunion Berlin"]

1. Nf3 Nf6 2. d4 d5 3. g3 c6 4. Bg2 Bf5 5. c3 Nbd7 6. O-O e6 7. Bg5 Bd6 8. Nbd2
h6 9. Bxf6 Nxf6 10. Ne5 Qc7 11. Ndf3 Ne4 12. Qb3 Bxe5 13. dxe5 O-O 14. Rad1 Nc5
15. Qa3 Nd7 16. Nd4 Qxe5 17. Nxf5 exf5 18. e3 Nf6 19. Qb4 b6 20. Qb3 Rad8 21.
Qa4 Qc7 22. Qc2 Ne4 23. f3 Nd6 24. Bh3 Nc4 25. Rfe1 Rfe8 26. Rd3 Ne5 27. Kf2
Nxd3+ 28. Qxd3 g6 29. Rg1 Qe5 30. Bg2 Rd7 31. f4 Qd6 32. h3 c5 33. g4 fxg4 34.
hxg4 d4 35. cxd4 cxd4 36. exd4 Qxf4+ 37. Bf3 Rxd4 0-1

[Event "14. Lichtenberger Sommer"]
[Site "14. Lichtenberger Sommer"]
[Date "2015.08.16"]
[Round "2.67"]
[White "Plump, Detlef"]
[Black "Pöltelt, Helmut"]
[Result "1-0"]
[WhiteElo "2216"]
[BlackElo "1752"]
[PlyCount "63"]
[EventDate "2015.??.??"]
[WhiteTeam "Bremer SG von 1877"]
[BlackTeam "SC Eintracht Berlin"]

1. e4 c5 2. Nf3 d6 3. d4 cxd4 4. Nxd4 Nf6 5. Nc3 a6 6. h3 Qc7 7. Be3 b5 8. g4
Bb7 9. Bg2 b4 10. Nd5 Nxd5 11. exd5 e5 12. Nf5 g6 13. Nh6 Be7 14. O-O Nd7 15.
c3 bxc3 16. Rc1 Rc8 17. Rxc3 Qa5 18. Rxc8+ Bxc8 19. Qc2 Bb7 20. b4 Qd8 21. Qd2
Rf8 22. f4 f5 23. gxf5 gxf5 24. fxe5 Nxe5 25. Nxf5 Nc4 26. Qe2 Nxe3 27. Qxe3
Qd7 28. Ng7+ Kd8 29. Ne6+ Kc8 30. Nxf8 Bxf8 31. Rxf8+ Kc7 32. Qe6 1-0

[Event "14. Lichtenberger Sommer"]
[Site "14. Lichtenberger Sommer"]
[Date "2015.08.16"]
[Round "2.68"]
[White "Bollenbach, Horst"]
[Black "Hannebauer, Torsten"]
[Result "0-1"]
[WhiteElo "1736"]
[BlackElo "2166"]
[PlyCount "70"]
[EventDate "2015.??.??"]
[WhiteTeam "SC Friesen Lichtenberg"]
[BlackTeam "DB Woltersdorf"]

1. c4 Nf6 2. Nc3 d6 3. g3 g6 4. Bg2 Bg7 5. Nf3 O-O 6. O-O e5 7. d4 Nbd7 8. e3
Re8 9. b4 c6 10. Rb1 e4 11. Nd2 d5 12. b5 Nf8 13. bxc6 bxc6 14. Qa4 Qc7 15. Ba3
Be6 16. c5 h5 17. Rb2 Bh6 18. Rfb1 Bc8 19. h3 Ne6 20. Ne2 h4 21. Nf1 Ng5 22. g4
Nf3+ 23. Kh1 Nh7 24. Ng1 Nhg5 25. Qd1 Nxg1 26. Kxg1 Rf8 27. Bb4 f5 28. Nh2 Kg7
29. Bd2 Rf7 30. Qe1 fxg4 31. hxg4 h3 32. Bh1 Ba6 33. Qd1 Bd3 34. Rc1 Rxf2 35.
Be1 Qxh2# 0-1

[Event "14. Lichtenberger Sommer"]
[Site "14. Lichtenberger Sommer"]
[Date "2015.08.16"]
[Round "2.69"]
[White "Heuser, Philip"]
[Black "Günther, Boris"]
[Result "0-1"]
[WhiteElo "2111"]
[BlackElo "1626"]
[PlyCount "58"]
[EventDate "2015.??.??"]
[WhiteTeam "Münchener SC"]
[BlackTeam "SF Friedrichshagen"]

1. d4 d5 2. c4 c6 3. Nc3 Nf6 4. Nf3 dxc4 5. e4 b5 6. e5 Nd5 7. a4 Nxc3 8. bxc3
a5 9. axb5 cxb5 10. Ng5 e6 11. Nxf7 Qc7 12. Nxh8 b4 13. Be2 b3 14. Bb2 a4 15.
Qc1 Bb7 16. O-O Bd5 17. f4 Qa5 18. Ba3 Nc6 19. f5 Bxa3 20. Rxa3 Qb6 21. Qf4
Nxd4 22. cxd4 exf5 23. Qxf5 Qxd4+ 24. Kh1 Qc5 25. Bg4 Ra7 26. Rxa4 g6 27. Qf8+
Qxf8 28. Rxf8+ Kxf8 29. Rxa7 b2 0-1

[Event "14. Lichtenberger Sommer"]
[Site "14. Lichtenberger Sommer"]
[Date "2015.08.16"]
[Round "2.70"]
[White "Schäfer, Heiko"]
[Black "Schröder, Ralf"]
[Result "1-0"]
[WhiteElo "2085"]
[BlackElo "1672"]
[PlyCount "47"]
[EventDate "2015.??.??"]
[WhiteTeam "Potsdamer SV"]
[BlackTeam "Potsdamer SV Mitte e.V."]

1. e4 d6 2. d4 Nf6 3. Nc3 e5 4. Nf3 Nbd7 5. Bc4 Be7 6. O-O Nb6 7. Bb3 exd4 8.
Nxd4 c5 9. Nf5 Bxf5 10. exf5 c4 11. Ba4+ Nxa4 12. Nxa4 O-O 13. Nc3 Re8 14. Nd5
a6 15. Be3 Nxd5 16. Qxd5 b5 17. a4 Bf6 18. axb5 Re5 19. Qc6 Rxb5 20. Rxa6 Rxa6
21. Qxb5 Ra5 22. Qxc4 Bxb2 23. Qb4 Bf6 24. Bb6 1-0

[Event "14. Lichtenberger Sommer"]
[Site "14. Lichtenberger Sommer"]
[Date "2015.08.16"]
[Round "2.71"]
[White "Reck, Jessica"]
[Black "Zeller, Elisa"]
[Result "0-1"]
[WhiteElo "1655"]
[BlackElo "1947"]
[PlyCount "102"]
[EventDate "2015.??.??"]
[WhiteTeam "VfB Hermsdorf"]
[BlackTeam "SF Göppingen"]

1. d4 Nf6 2. c4 g6 3. Nf3 Bg7 4. g3 d6 5. Bg2 Nbd7 6. O-O O-O 7. Nc3 Re8 8. h3
c6 9. e4 e5 10. Be3 Qc7 11. Kh2 a6 12. a4 exd4 13. Nxd4 Ne5 14. Qb3 h5 15. Kg1
Ned7 16. Qc2 Nf8 17. Rfd1 Be6 18. b3 Rad8 19. Rac1 Qc8 20. Kh2 Qc7 21. Kg1 Bc8
22. Rd2 Ne6 23. Rcd1 Nxd4 24. Bxd4 Be6 25. Be3 b5 26. cxb5 cxb5 27. Bf4 Rc8 28.
Rc1 Qa5 29. Qd3 Nd7 30. Ne2 Nc5 31. Qe3 Nxb3 32. Rxc8 Rxc8 33. Rxd6 Qxa4 34. e5
a5 35. Nc3 Qa1+ 36. Nd1 a4 37. Kh2 Nc5 38. Nc3 Bf8 39. Rd1 Qb2 40. Rb1 Qc2 41.
Rxb5 Nd3 42. Ne4 Nxf4 43. Qxf4 a3 44. Nf6+ Kg7 45. Be4 Qe2 46. Rb7 Bc5 47.
Nxh5+ Qxh5 48. Qf6+ Kg8 49. g4 Qh8 50. Qg5 Qg7 51. Kg3 a2 0-1

[Event "14. Lichtenberger Sommer"]
[Site "14. Lichtenberger Sommer"]
[Date "2015.08.16"]
[Round "2.72"]
[White "Adelberger, Georg"]
[Black "Dittrich, Hans-Georg"]
[Result "1-0"]
[WhiteElo "1926"]
[BlackElo "1722"]
[PlyCount "91"]
[EventDate "2015.??.??"]
[WhiteTeam "SC Kreuzberg"]
[BlackTeam "SG Stadtilm"]

1. d4 c5 2. d5 d6 3. c4 g6 4. Nc3 Bg7 5. Qc2 Nf6 6. e4 O-O 7. Nf3 a6 8. Be2 Bg4
9. h3 Bxf3 10. Bxf3 Nbd7 11. O-O Ne8 12. a4 e6 13. dxe6 fxe6 14. Bg4 Qf6 15.
Ra3 Ne5 16. Be2 Rd8 17. Nd1 Qh4 18. Be3 Nf6 19. f3 Nh5 20. Qd2 Nf4 21. Bxf4
Rxf4 22. Kh2 Rf7 23. g3 Qe7 24. b4 Nc6 25. b5 Nd4 26. Ne3 Rdf8 27. Kg2 Bh6 28.
Qd1 Bg7 29. Nc2 Nxc2 30. Qxc2 Bd4 31. bxa6 bxa6 32. Rb3 Qf6 33. Rb6 a5 34. Qd2
Qe5 35. Rb5 Bc3 36. Qd3 Bb4 37. Rd1 Qb2 38. Rb6 Rxf3 39. Qxf3 Rxf3 40. Kxf3
Qa3+ 41. Rd3 Qxa4 42. Rdxd6 Qa3+ 43. Rd3 Qc1 44. Rb7 Qh1+ 45. Kf4 Qc1+ 46. Kg4
1-0

[Event "14. Lichtenberger Sommer"]
[Site "14. Lichtenberger Sommer"]
[Date "2015.08.16"]
[Round "2.73"]
[White "Hesselbarth, Karlheinz"]
[Black "Große-Honebrink, Brigitte"]
[Result "0-1"]
[WhiteElo "1732"]
[BlackElo "1887"]
[PlyCount "47"]
[EventDate "2015.??.??"]
[WhiteTeam "SC Zugzwang 95 (Berlin)"]
[BlackTeam "SC Kreuzberg"]

1. d4 Nf6 2. c4 e6 3. Nc3 d5 4. Bg5 Be7 5. e3 O-O 6. Nf3 Nbd7 7. Qc2 c5 8. cxd5
Nxd5 9. Bxe7 Nxe7 10. Rd1 cxd4 11. exd4 Nf6 12. Be2 Bd7 13. O-O Rc8 14. Ne5 Bc6
15. Qd3 Qb6 16. Nc4 Qc7 17. Ne3 Rfd8 18. f4 Ned5 19. Ncxd5 Nxd5 20. Nxd5 Bxd5
21. b3 Qc2 22. Rd2 Qc7 23. Bf3 Qb6 24. Qe3 0-1

[Event "14. Lichtenberger Sommer"]
[Site "14. Lichtenberger Sommer"]
[Date "2015.08.16"]
[Round "2.74"]
[White "Bezy, Cedric"]
[Black "Schmidt, Fabian"]
[Result "1/2-1/2"]
[WhiteElo "1780"]
[BlackElo "1766"]
[PlyCount "66"]
[EventDate "2015.??.??"]
[WhiteTeam "La Diagonale - Eybens"]
[BlackTeam "Königsjäger Süd-West"]

1. d4 Nf6 2. Nf3 g6 3. b3 Bg7 4. Bb2 O-O 5. e3 d5 6. Be2 Nbd7 7. O-O c5 8. c4
cxd4 9. Bxd4 dxc4 10. Bxc4 a6 11. Nbd2 b5 12. Be2 Bb7 13. Rc1 Rc8 14. Rxc8 Qxc8
15. Qa1 Qa8 16. Rc1 Rc8 17. b4 Rxc1+ 18. Qxc1 Qc8 19. Qxc8+ Bxc8 20. a3 Nd5 21.
Nb3 Bxd4 22. Nfxd4 Nc3 23. Bd3 Ne5 24. Ne2 Nxe2+ 25. Bxe2 f6 26. Nc5 Nf7 27.
Bf3 Nd6 28. Bd5+ Kf8 29. Kf1 e5 30. Ne4 Ke7 31. Ke2 Bb7 32. Bxb7 Nxb7 33. Kd3
f5 1/2-1/2

[Event "14. Lichtenberger Sommer"]
[Site "14. Lichtenberger Sommer"]
[Date "2015.08.16"]
[Round "2.75"]
[White "Getzuhn, Detlef"]
[Black "Schröder, Wolfgang"]
[Result "1/2-1/2"]
[WhiteElo "1889"]
[BlackElo "1722"]
[PlyCount "107"]
[EventDate "2015.??.??"]
[WhiteTeam "SV Senat (FV Schach)"]
[BlackTeam "SSV Rotation Berlin"]

1. e4 c5 2. Nf3 d6 3. d4 cxd4 4. c3 dxc3 5. Nxc3 Nf6 6. Bc4 Nc6 7. e5 d5 8.
Nxd5 Nxd5 9. Qxd5 Qxd5 10. Bxd5 Bd7 11. O-O e6 12. Be4 Bc5 13. Rd1 f6 14. Bf4
g5 15. Bg3 g4 16. Bxc6 Bxc6 17. Nd4 Bxd4 18. Rxd4 f5 19. Bh4 O-O 20. Be7 Rf7
21. Bf6 Rc8 22. Rc1 Rfc7 23. Rdc4 a5 24. b3 Rd7 25. Rc5 Ra8 26. R5c3 Rd2 27. a3
Kf7 28. h4 h6 29. Kf1 Rg8 30. b4 axb4 31. axb4 g3 32. fxg3 Ra8 33. R3c2 Ra2 34.
Rxd2 Rxd2 35. h5 Bxg2+ 36. Kg1 Bc6 37. b5 Bd7 38. Rc7 b6 39. Rb7 Rd5 40. Kf2
Ke8 41. Rxb6 Rxb5 42. Rxb5 Bxb5 43. Bg7 Ke7 44. Bxh6 Be8 45. Bg5+ Kf8 46. h6
Kg8 47. Ke3 Kh7 48. Kd4 Bc6 49. Kc5 Bd5 50. Kd6 Bb3 51. Ke7 Bd5 52. Kf7 Bb3 53.
Kf6 Bd5 54. Kf7 1/2-1/2

[Event "14. Lichtenberger Sommer"]
[Site "14. Lichtenberger Sommer"]
[Date "2015.08.16"]
[Round "2.76"]
[White "Prix, Siegfried"]
[Black "Matitschka, Heinz"]
[Result "0-1"]
[WhiteElo "1715"]
[BlackElo "1910"]
[PlyCount "116"]
[EventDate "2015.??.??"]
[WhiteTeam "SF 1903 Berlin"]
[BlackTeam "TSG Oberschöneweide"]

1. e4 e6 2. d4 d5 3. Nc3 Bb4 4. Bd3 dxe4 5. Bxe4 Nf6 6. Bf3 c5 7. Nge2 Nc6 8.
Be3 O-O 9. dxc5 Ne5 10. O-O Nxf3+ 11. gxf3 Bd7 12. Qd4 Bxc3 13. Nxc3 Bc6 14.
Qf4 Qe7 15. Rad1 e5 16. Qg3 Rad8 17. Bg5 Kh8 18. Ne4 Bxe4 19. fxe4 Qxc5 20. Qf3
Qc6 21. Bxf6 Qxf6 22. Qxf6 gxf6 23. f3 Kg7 24. Kf2 f5 25. exf5 Kf6 26. Ke3 Kxf5
27. Rg1 Ke6 28. Rxd8 Rxd8 29. Rg7 Rh8 30. h4 Kf6 31. Rg4 Rc8 32. c3 h6 33. Kd3
Ke6 34. Rg7 Rc6 35. Rh7 Ke7 36. b3 Rf6 37. Ke3 Kd7 38. Rh8 Rc6 39. c4 Ra6 40.
Ke4 Rxa2 41. Rxh6 Re2+ 42. Kd3 Rf2 43. Ke4 Re2+ 44. Kd3 Rb2 45. Kc3 Rf2 46. Kb4
Rxf3 47. Rh5 Ke6 48. Rh6+ Rf6 49. Rh8 e4 50. Re8+ Kf5 51. Re7 Re6 52. Rxf7+ Kg4
53. Kc3 e3 54. Rf1 e2 55. Re1 Kf3 56. b4 Kf2 57. Kd2 Re5 58. Rh1 e1=Q+ 0-1

[Event "14. Lichtenberger Sommer"]
[Site "14. Lichtenberger Sommer"]
[Date "2015.08.16"]
[Round "2.77"]
[White "Mauch, Johannes"]
[Black "Fischer, Maxi"]
[Result "1-0"]
[WhiteElo "1795"]
[BlackElo "1665"]
[PlyCount "57"]
[EventDate "2015.??.??"]
[WhiteTeam "fb Jena"]
[BlackTeam "SV Empor Berlin e.V."]

1. e4 e5 2. Nf3 Nc6 3. Bb5 a6 4. Ba4 d6 5. c3 Nf6 6. d3 Be7 7. Nbd2 O-O 8. O-O
Na7 9. d4 exd4 10. cxd4 c6 11. Re1 Be6 12. Nf1 Qb6 13. Bc2 Rad8 14. h3 Nb5 15.
Qd3 Rfe8 16. Bg5 h6 17. e5 dxe5 18. Bxf6 Bxf6 19. Qh7+ Kf8 20. dxe5 Bg5 21. h4
Bf4 22. g3 Bd5 23. Be4 Bxe5 24. Bxd5 Rxd5 25. Ne3 Nd4 26. Qh8+ Ke7 27. Nxd5+
cxd5 28. Rxe5+ Ne6 29. Qxg7 1-0

[Event "14. Lichtenberger Sommer"]
[Site "14. Lichtenberger Sommer"]
[Date "2015.08.16"]
[Round "2.78"]
[White "Ollek, Karl-Heinz"]
[Black "Bergmann, Jens"]
[Result "1/2-1/2"]
[WhiteElo "1726"]
[BlackElo "1907"]
[PlyCount "55"]
[EventDate "2015.??.??"]
[WhiteTeam "SC Friesen Lichtenberg"]
[BlackTeam "SK Tempelhof 1931"]

1. d4 g6 2. c4 Bg7 3. Nc3 Nf6 4. e4 d6 5. Nf3 O-O 6. Be2 Nbd7 7. O-O h6 8. h3
e5 9. Be3 exd4 10. Nxd4 Nc5 11. f3 Nh5 12. Qd2 Ng3 13. Rfe1 Qh4 14. b4 Na6 15.
Rab1 f5 16. Bf2 f4 17. Bf1 c5 18. bxc5 dxc5 19. Nde2 Kh7 20. Nd5 Nxe2+ 21. Rxe2
Qg5 22. Qe1 b6 23. Kh2 Qe5 24. Rb3 Nb8 25. Rd3 Nc6 26. Red2 Ba6 27. Ra3 Bb7 28.
Rad3 1/2-1/2

[Event "14. Lichtenberger Sommer"]
[Site "14. Lichtenberger Sommer"]
[Date "2015.08.16"]
[Round "2.79"]
[White "Seefeld, Marc"]
[Black "Sia, Davin"]
[Result "1-0"]
[WhiteElo "1894"]
[BlackElo "1511"]
[PlyCount "97"]
[EventDate "2015.??.??"]
[WhiteTeam "Läufer Reinickendorf"]
[BlackTeam "Lasker Steglitz-Wilmersdorf"]

1. d4 Nf6 2. c4 g6 3. Nc3 Bg7 4. e3 O-O 5. Nf3 d5 6. b3 c6 7. Bb2 Qa5 8. Qd2
Bf5 9. Be2 Nbd7 10. O-O Rae8 11. Nxd5 Qxd2 12. Nxf6+ Nxf6 13. Nxd2 Nd7 14. e4
Be6 15. Rab1 f5 16. e5 Bh6 17. f4 Kh8 18. Rbd1 Rg8 19. h4 Bg7 20. h5 Bf7 21.
hxg6 Bxg6 22. Nf3 e6 23. Kf2 h6 24. Rh1 Kh7 25. Ng5+ Kh8 26. Rh2 Nf8 27. Rdh1
Nh7 28. Nxh7 Kxh7 29. Ba3 Rd8 30. Bd6 Rh8 31. Ke3 Kg8 32. g4 Kf7 33. gxf5 Bxf5
34. Rg1 Rh7 35. Bh5+ Kg8 36. Rhg2 Rd7 37. b4 Rd8 38. a4 Rc8 39. a5 Kh8 40. Be7
Rc7 41. Bf6 Rd7 42. Be8 Rc7 43. a6 b6 44. c5 Kg8 45. cxb6 axb6 46. Rxg7+ Rhxg7
47. Rxg7+ Rxg7 48. Bxg7 Kxg7 49. a7 1-0

[Event "14. Lichtenberger Sommer"]
[Site "14. Lichtenberger Sommer"]
[Date "2015.08.16"]
[Round "2.80"]
[White "Kapp, Frank"]
[Black "Vural, Argun"]
[Result "1-0"]
[WhiteElo "1908"]
[BlackElo "1567"]
[PlyCount "82"]
[EventDate "2015.??.??"]
[WhiteTeam "TSV IFA Chemnitz"]
[BlackTeam "SF Friedrichshagen"]

1. d4 d5 2. c4 Bf5 3. Nc3 e6 4. cxd5 exd5 5. Qb3 Nc6 6. e3 Nf6 7. a3 Rb8 8. Nf3
Be7 9. Bb5 O-O 10. Qa4 Bd7 11. O-O a6 12. Bxc6 Bxc6 13. Qc2 Re8 14. Ne5 Bd7 15.
b4 Bc8 16. Bb2 c6 17. Rac1 Bd6 18. Na4 Bxe5 19. dxe5 Ng4 20. Qc3 Qg5 21. f4 Qg6
22. Rf3 Be6 23. Rcf1 Nh6 24. Rg3 Qh5 25. Rg5 Qh4 26. Rf3 Ng4 27. h3 h6 28. Rxg4
Bxg4 29. hxg4 Qxg4 30. Nc5 Re7 31. Qe1 Rbe8 32. Bd4 h5 33. Qg3 Rf8 34. Qxg4
hxg4 35. Rg3 f6 36. Rxg4 fxe5 37. Bxe5 Rf5 38. Rg6 Kh7 39. Re6 Rff7 40. g4 Rxe6
41. Nxe6 g6 1-0

[Event "14. Lichtenberger Sommer"]
[Site "14. Lichtenberger Sommer"]
[Date "2015.08.16"]
[Round "2.81"]
[White "Hüls, Maximilian"]
[Black "Rollwitz, Jürgen"]
[Result "0-1"]
[WhiteElo "1552"]
[BlackElo "1950"]
[PlyCount "109"]
[EventDate "2015.??.??"]
[WhiteTeam "SV Mattnetz Berlin"]
[BlackTeam "SC Rochade (Berlin)"]

1. e4 d6 2. d4 Nf6 3. Nc3 e5 4. Nf3 exd4 5. Nxd4 Be7 6. Bc4 O-O 7. O-O Nxe4 8.
Nxe4 d5 9. Bd3 dxe4 10. Bxe4 Nd7 11. Bf4 Nc5 12. Bf3 Bd6 13. Bg3 Bxg3 14. hxg3
c6 15. Re1 Be6 16. Nxe6 Nxe6 17. Bg4 Re8 18. Bxe6 Rxe6 19. Rxe6 fxe6 20. Qe2
Qe7 21. Re1 Re8 22. Qe3 Qf6 23. b3 b6 24. c4 c5 25. Qe4 g6 26. Qe5 Qxe5 27.
Rxe5 Kf7 28. Kf1 Kf6 29. f4 h6 30. Ke2 Rd8 31. a4 Rd4 32. Re3 h5 33. Rf3 Kf5
34. Re3 Re4 35. Rxe4 Kxe4 36. Kf2 e5 37. fxe5 Kxe5 38. Ke3 Kf5 39. Kf3 g5 40.
g4+ hxg4+ 41. Kg3 a6 42. Kf2 Kf4 43. g3+ Ke4 44. Ke2 a5 45. Kf2 Kd3 46. Kf1 Ke3
47. Kg2 Ke2 48. Kg1 Kf3 49. Kh2 Kf2 50. Kh1 Kxg3 51. Kg1 Kf3 52. Kh1 Kf2 53. b4
g3 54. b5 g2+ 55. Kh2 0-1

[Event "14. Lichtenberger Sommer"]
[Site "14. Lichtenberger Sommer"]
[Date "2015.08.16"]
[Round "2.82"]
[White "Silies, Martin"]
[Black "Schreiber, Wilfried"]
[Result "1/2-1/2"]
[WhiteElo "1880"]
[BlackElo "1481"]
[PlyCount "54"]
[EventDate "2015.??.??"]
[WhiteTeam "SF St.Johannes Spelle"]
[BlackTeam "SC Rochade (Berlin)"]

1. e4 c6 2. d4 d5 3. exd5 cxd5 4. Nf3 e6 5. Bd3 Nf6 6. Bf4 Nc6 7. O-O Bd6 8.
Bxd6 Qxd6 9. c3 h6 10. Nbd2 O-O 11. Re1 a6 12. Ne5 Bd7 13. Rc1 b5 14. Bb1 Rfc8
15. Ndf3 Be8 16. Qd3 Ne7 17. h3 b4 18. Ng4 Ne4 19. Nd2 f5 20. Ne5 Nxd2 21. Qxd2
bxc3 22. bxc3 Ng6 23. Nxg6 Bxg6 24. Qe2 Bf7 25. c4 dxc4 26. Rxc4 Rxc4 27. Qxc4
Rd8 1/2-1/2

[Event "14. Lichtenberger Sommer"]
[Site "14. Lichtenberger Sommer"]
[Date "2015.08.16"]
[Round "2.84"]
[White "Mueller, Jörg René"]
[Black "Boeck, Rüdiger"]
[Result "1/2-1/2"]
[WhiteElo "1489"]
[BlackElo "1815"]
[PlyCount "76"]
[EventDate "2015.??.??"]
[WhiteTeam "SC Zugzwang 95 (Berlin)"]
[BlackTeam "SC Weiße Dame Ulm"]

1. e4 e5 2. c4 Bc5 3. Nc3 Nf6 4. d3 h6 5. a3 c6 6. b4 Bb6 7. c5 Bc7 8. Be3 d5
9. exd5 Nxd5 10. Nxd5 Qxd5 11. Ne2 O-O 12. Nc3 Qe6 13. Be2 Qg6 14. O-O f5 15.
f4 Nd7 16. Rf3 exf4 17. Bxf4 Bxf4 18. Rxf4 Qf6 19. d4 Qe6 20. Qd2 Nf6 21. Qa2
Nd5 22. Nxd5 cxd5 23. Qd2 Bd7 24. Re1 Qf6 25. Bd1 Rae8 26. Rxe8 Rxe8 27. Bb3
Bc6 28. a4 g5 29. Rf2 Re4 30. b5 Rxd4 31. Qc2 Bd7 32. Rd2 Rxd2 33. Qxd2 Be6 34.
Bxd5 Bxd5 35. Qxd5+ Qf7 36. Qd4 Qe7 37. Kf2 Kf7 38. c6 b6 1/2-1/2

[Event "14. Lichtenberger Sommer"]
[Site "14. Lichtenberger Sommer"]
[Date "2015.08.16"]
[Round "2.85"]
[White "Baumgaertner, Andre"]
[Black "Dittrich, Tom"]
[Result "1/2-1/2"]
[WhiteElo "1783"]
[BlackElo "1813"]
[PlyCount "72"]
[EventDate "2015.??.??"]
[WhiteTeam "SC Friesen Lichtenberg"]
[BlackTeam "SG Stadtilm"]

1. d4 Nf6 2. c4 g6 3. Nc3 Bg7 4. Nf3 O-O 5. e4 d6 6. Be2 Na6 7. O-O e5 8. d5
Nc5 9. Qc2 a5 10. Be3 b6 11. a3 a4 12. Nd2 Bd7 13. h3 Ne8 14. f4 f5 15. fxe5
Bxe5 16. Bf4 Qe7 17. Bd3 fxe4 18. Bh6 exd3 19. Bxf8 Qg5 20. Nde4 Qe3+ 21. Qf2
Qxf2+ 22. Rxf2 Bd4 23. Raf1 Bxf2+ 24. Rxf2 Nxe4 25. Nxe4 Bf5 26. Bh6 Ng7 27.
Ng5 Re8 28. Rd2 Re2 29. Nf3 Rxd2 30. Nxd2 Kf7 31. g4 Bc8 32. Kf2 Ne8 33. Ke3
Kf6 34. Kxd3 Bd7 35. Ne4+ Ke5 36. Nd2 Kf6 1/2-1/2